Test de Rapidité - Lettre "P" - Statistiques

Statistiques générales
  • Ce quiz a été pris 1 102 fois
  • Le résultat moyen est 92 sur 100
Statistiques - réponses
Lettre "P" % Correct
P
100%
P
99%
P
99%
P
98%
P
98%
P
98%
P
98%
P
98%
P
97%
P
97%
P
97%
P
97%
P
97%
P
97%
P
97%
P
97%
P
96%
P
96%
P
96%
P
96%
P
96%
P
96%
P
96%
P
96%
P
96%
P
96%
P
96%
P
96%
P
96%
P
96%
P
96%
P
96%
P
96%
P
96%
P
96%
P
96%
P
96%
P
95%
P
95%
P
95%
P
95%
P
95%
P
95%
P
95%
P
94%
P
94%
P
94%
P
94%
P
94%
P
94%
P
94%
P
94%
P
94%
P
94%
P
94%
P
93%
P
93%
P
93%
P
93%
P
93%
P
93%
P
93%
P
93%
P
93%
P
93%
P
92%
P
92%
P
92%
P
92%
P
92%
P
92%
P
91%
P
91%
P
91%
P
90%
P
90%
P
90%
P
89%
P
88%
P
88%
P
88%
P
87%
P
87%
P
86%
P
86%
P
85%
P
85%
P
84%
P
83%
P
82%
P
81%
P
79%
P
78%
P
78%
P
76%
P
75%
P
74%
P
73%
P
71%
P
70%
Aucun quiz correspondant
Distribution des résultats
% des personnes avec chaque résultat
Percentile par nombre de réponses
Votre historique - résultats
Vous n’avez pas pris ce quiz